Statistiques concernant Anagrammes aléatoires de films à un seul mot

Cliquez ici pour prendre le quiz!

Statistiques générales

  • Ce quiz a été pris 2 659 fois
  • Le résultat moyen est 7 sur 20

Statistiques - réponses

annéefilm% Correct
2017It
94%
2017Coco
92%
2009Up
92%
2004Saw
91%
2003Elf
90%
2012Ted
87%
2007300
86%
2011Thor
85%
2011Rio
84%
2015Spy
82%
20092012
80%
1995Babe
79%
2003Hulk
76%
1975Jaws
75%
2008Bolt
73%
2008Twilight
69%
2006Cars
67%
2009Avatar
66%
2014Lucy
66%
2007Juno
65%
1991Hook
64%
1995Jumanji
64%
2016Sing
63%
1999Tarzan
63%
1942Bambi
60%
1990Ghost
58%
2014Noah
58%
2010Salt
58%
2012Brave
57%
2004Troy
57%
1995Seven
54%
1989Batman
52%
1997Bean
51%
2001Shrek
50%
1960Psycho
49%
2002Signs
48%
2017Split
48%
2006Click
47%
2013Epic
46%
1976Rocky
46%
1942Casablanca
45%
2016Zootopia
45%
2005Madagascar
44%
1940Pinocchio
43%
1994Speed
43%
1998Mulan
42%
1988Twins
42%
1941Dumbo
41%
2015Pixels
41%
1997Titanic
41%
2016Sully
40%
2009Taken
39%
2005Hitch
38%
2012Skyfall
38%
2013Frozen
37%
2005Robots
37%
2012Argo
35%
2002Chicago
34%
2016Moana
34%
2013Turbo
34%
1979Alien
32%
1998Godzilla
30%
1983Scarface
30%
1998Armageddon
29%
1996Fargo
29%
2012Lincoln
29%
2013Gravity
25%
2008Jumper
25%
2016Trolls
25%
1996Twister
24%
2016Warcraft
24%
1984Footloose
23%
2008Wanted
22%
2006Borat
21%
1992Aladdin
20%
2010Inception
19%
1995Pocahontas
18%
2015Spectre
18%
1995Braveheart
17%
2017Dunkirk
17%
2007Transformers
16%
2016Deadpool
15%
2000Gladiator
15%
2014Interstellar
15%
1996Scream
15%
2014Annabelle
14%
1978Grease
14%
2001Hannibal
14%
2015Minions
14%
2013Oblivion
14%
1984Ghostbusters
13%
2013Planes
13%
2017Wonder
13%
2014Divergent
12%
2016Inferno
11%
1987Predator
11%
2008Hancock
10%
2018Skyscraper
10%
1995GoldenEye
9%
2011Rango
9%
1958Vertigo
9%
1996Eraser
8%
1997Hercules
8%
2007Ratatouille
8%
1995Casper
7%
1950Cinderella
7%
2009Coraline
7%
1995Copycat
6%
2006Eragon
6%
2015Paddington
6%
1978Superman
6%
1995Waterworld
6%
2012Battleship
5%
2000Dinosaur
5%
2012Prometheus
5%
1980Airplane
4%
1993Cliffhanger
4%
2013Elysium
4%
1999Magnolia
4%
2010Megamind
4%
1979Moonraker
4%
2007Enchanted
3%
2017Ferdinand
3%
2011Immortals
3%
2014Neighbors
3%
1996Ransom
3%
2010Tangled
3%
2009Zombieland
3%
2004Collateral
2%
2005Constantine
2%
2017Geostorm
2%
1990Goodfellas
2%
2007Superbad
2%
2016Dangal
1%
1994Disclosure
1%
2005Flightplan
1%
2000Unbreakable
1%
2011Bridesmaids
0%
2014Maleficent
0%

Distribution des résultats

Percentile par nombre de réponses

% des personnes avec chaque résultat

Votre développement - résultats

Vous n’avez pas pris ce quiz